पहिल्या जाळ्यातला कोळी. (Record no. 734190)

MARC details
000 -LEADER
fixed length control field 00667nam a2200181Ia 4500
008 - FIXED-LENGTH DATA ELEMENTS--GENERAL INFORMATION
fixed length control field 100920s9999 xx 000 0 und d
082 ## - DEWEY DECIMAL CLASSIFICATION NUMBER
Item number 93747
Classification number --- न 06
100 ## - MAIN ENTRY--PERSONAL NAME
Personal name ढवळे सरोजिनी.
245 ## - TITLE STATEMENT
Title पहिल्या जाळ्यातला कोळी.
260 ## - PUBLICATION, DISTRIBUTION, ETC. (IMPRINT)
Name of publisher, distributor, etc पायल पब्लिकेशन, पुणे.
Date of publication, distribution, etc 2006
300 ## - PHYSICAL DESCRIPTION
Extent 191
Other physical details साधी
365 ## - TRADE PRICE
Price amount 170
520 ## - SUMMARY, ETC.
Summary, etc कादंबरी.
630 ## - SUBJECT ADDED ENTRY--UNIFORM TITLE
Uniform title पहिल्या जाळ्यातला कोळी.
650 ## - SUBJECT ADDED ENTRY--TOPICAL TERM
Topical term or geographic name as entry element कादंबरी.
730 ## - ADDED ENTRY--UNIFORM TITLE
Uniform title पहिल्या जाळ्यातला कोळी.
942 ## - ADDED ENTRY ELEMENTS (KOHA)
Koha item type Book
Holdings
Withdrawn status Lost status Damaged status Not for loan Home library Current library Shelving location Date acquired Cost, normal purchase price Total Checkouts Barcode Date last seen Price effective from Koha item type Public note
        Shri Chhatrapati Pratapsinh Maharaj ( Thorle) Nagar Vachanalaya, Satara Shri Chhatrapati Pratapsinh Maharaj ( Thorle) Nagar Vachanalaya, Satara     170.00   SATVAC-93747 09/20/2010 09/20/2010 Book देवघेव